Statistiche per 15 nazioni più pericolose al mondo

Clicka qui per fare il quiz!

Statistiche generali

  • Questo quiz è stato fatto 33 volte
  • Il punteggio medio è 10 su 15

Statistiche sulle risposte

CONTINENTENAZIONE% Corretto
AFRICANIGER
93%
AFRICAREPUBBLICA DEMOCRATICA DEL CONGO
86%
AFRICANIGERIA
83%
ASIAAFGHANISTAN
79%
AFRICACIAD
76%
ASIAIRAQ
76%
AFRICABURKINA FASO
69%
AFRICABURUNDI
69%
AFRICAMALI
69%
ASIACOREA DEL NORD
62%
AFRICALIBIA
62%
OCEANIAPAPUA NUOVA GUINEA
59%
AFRICAREPUBBLICA CENTRAFRICANA
55%
AFRICAGUINEA BISSAU
48%
AFRICALIBERIA
48%

Distribuzione punteggi

Percentile per numero di risposta

Percentuale di utenti per punteggio

I tuoi punteggi nel tempo

Non hai fatto questo quiz